00417nam a2200145Ia 4500008004100000041000800041082001700049100001600066245006900082250001200151260001800163300002700181365001600208700004700224230719s9999 xx 000 0 und d aeng a004.165bMAZ aMazidi M.A. a8051 Microcontroller And Embedded Systems bUsing Assembly And C a2nd ed. bPrintice Hall a626dRef 955 E (27104) cRs.b400.00 aMazidi M.A.; Mazidi J.G. & Mckinaly R.D.